| 000 | 00358nam a22001577a 4500 | ||
|---|---|---|---|
| 003 | OSt | ||
| 005 | 20250228094714.0 | ||
| 007 | 790 pages | ||
| 008 | 250228b |||||||| |||| 00| 0 eng d | ||
| 020 | _a9788131526699 | ||
| 040 | _c | ||
| 082 |
_a540 _bRAT |
||
| 245 |
_aEngineering Chemistry _cPrasanta Rath |
||
| 260 |
_bCengage _c2015 |
||
| 942 |
_2ddc _cBK _n0 |
||
| 999 |
_c36153 _d36153 |
||